Albumy studyjne zespołu Talking Heads - Statystyki

Ogólne statystyki
  • Ten quiz został rozwiązany 4 razy
  • Średni wynik to 3 z 8
Statystyki odpowiedzi
Rok Album % Poprawnych
1977 Talking Heads: 77
100%
1988 Naked
67%
1979 Fear of Music
33%
1985 Little Creatures
33%
1978 More Songs About Buildings and Food
33%
1980 Remain in Light
33%
1983 Speaking in Tongues
33%
1986 True Stories
0%
Nie znaleziono quizów pasujących do podanych kryteriów
Rozkład punktacji
Procent ludzi z każdym wynikiem
Percentyl według liczby udzielonych odpowiedzi
Twoja historia wyników
Nie rozwiązałeś tego quizu